[Event "Chess.com Classic Div 3 W"]
[Site "chess.com INT"]
[Date "2024.05.10"]
[Round "1.2"]
[White "Grandelius, Nils"]
[Black "Daneshvar, Bardiya"]
[Result "1/2-1/2"]
[WhiteTitle "GM"]
[BlackTitle "GM"]
[WhiteElo "2664"]
[BlackElo "2582"]
[WhiteFideId "1710400"]
[BlackFideId "12576468"]
[EventDate "2024.05.10"]
[EventType "k.o."]

1. e4 e5 2. Nf3 Nc6 3. Bb5 Nf6 4. O-O Nxe4 5. d4 Nd6 6. dxe5 Nxb5 7. a4 Nbd4 8.
Nxd4 d5 9. c3 Be7 10. f4 Nxd4 11. cxd4 g6 12. Nc3 h5 13. a5 c6 14. Be3 Bf5 15.
h3 h4 16. Kh2 Kf8 17. Ne2 Kg7 18. Ng1 b6 19. Qd2 c5 20. Nf3 c4 21. axb6 axb6 22.
Bf2 b5 23. Qe1 Rxa1 24. Qxa1 Be4 25. Qa7 b4 26. Be3 Bf5 27. Bd2 Re8 28. Ng5 Qa8
29. Ra1 Qxa7 30. Rxa7 Bxg5 31. fxg5 Rb8 32. e6 Bxe6 33. Bf4 Rc8 34. Rb7 c3 35.
bxc3 bxc3 36. Rc7 Rxc7 37. Bxc7 f5 38. g3 hxg3+ 39. Kxg3 Bd7 40. Ba5 c2 41. Bd2
Kf7 42. Bc1 Ke6 43. Ba3 Bb5 44. Kf4 Be2 45. h4 Bd1 46. Ke3 Kd7 47. Bc1 Kc6 48.
Kd3 Kb5 49. Kc3 Ka4 50. h5 Bxh5 51. Kxc2 Kb4 52. Kd3 Kb3 53. Bf4 Bf3 54. Ke3 Bh5
55. Be5 Kc4 56. Bf4 Kc3 1/2-1/2

[Event "Chess.com Classic Div 3 W"]
[Site "chess.com INT"]
[Date "2024.05.10"]
[Round "1.2"]
[White "Idani, Pouya"]
[Black "Moiseenko, Alexander"]
[Result "1-0"]
[WhiteTitle "GM"]
[BlackTitle "GM"]
[WhiteElo "2605"]
[BlackElo "2561"]
[WhiteFideId "12510130"]
[BlackFideId "14102560"]
[EventDate "2024.05.10"]
[EventType "k.o."]

1. e4 c5 2. Nf3 Nc6 3. Bb5 d6 4. d4 cxd4 5. Qxd4 a6 6. Bxc6+ bxc6 7. c4 e5 8.
Qd3 Qc7 9. O-O Be7 10. Nc3 Nf6 11. Rd1 O-O 12. h3 h6 13. Be3 Nh7 14. c5 dxc5 15.
Na4 Rb8 16. b3 Rd8 17. Qc3 Nf6 18. Qxe5 Bd6 19. Rxd6 Qxd6 20. Qxd6 Rxd6 21. e5
Rd5 22. exf6 c4 23. bxc4 Ra5 24. Nb6 gxf6 25. a4 Be6 26. c5 Rd8 27. Nd4 1-0

[Event "Chess.com Classic Div 3 W"]
[Site "chess.com INT"]
[Date "2024.05.10"]
[Round "1.2"]
[White "Iturrizaga Bonelli, Eduardo"]
[Black "Mamedov, Rauf"]
[Result "1-0"]
[WhiteTitle "GM"]
[BlackTitle "GM"]
[WhiteElo "2591"]
[BlackElo "2651"]
[WhiteFideId "3901211"]
[BlackFideId "13401653"]
[EventDate "2024.05.10"]
[EventType "k.o."]

1. d4 d5 2. c4 e6 3. Nf3 Nf6 4. Nc3 Nbd7 5. Bf4 dxc4 6. e3 b5 7. Nxb5 Bb4+ 8.
Nc3 Nd5 9. Qc2 Nxf4 10. exf4 Bb7 11. Be2 c5 12. dxc5 Nxc5 13. O-O O-O 14. Nb5
Bd5 15. a3 Ba5 16. b4 Nb3 17. Rad1 Bb6 18. Bxc4 Rc8 19. Ne5 a6 20. Qxb3 Rxc4 21.
Qxc4 Bxc4 22. Rxd8 Bxd8 23. Nxc4 axb5 24. Nd6 Bf6 25. Nxb5 Rb8 26. a4 Be7 27.
Rb1 h5 28. Na7 Ra8 29. Nc6 Bd6 30. a5 Bxf4 31. b5 Kh7 32. g3 Bd6 33. b6 Ra6 34.
Rd1 Bc7 35. Nb4 1-0

[Event "Chess.com Classic Div 3 W"]
[Site "chess.com INT"]
[Date "2024.05.10"]
[Round "1.2"]
[White "Kamsky, Gata"]
[Black "Giri, Anish"]
[Result "1/2-1/2"]
[WhiteTitle "GM"]
[BlackTitle "GM"]
[WhiteElo "2616"]
[BlackElo "2745"]
[WhiteFideId "2000024"]
[BlackFideId "24116068"]
[EventDate "2024.05.10"]
[EventType "k.o."]

1. d4 Nf6 2. Bf4 d5 3. e3 c5 4. c3 Nc6 5. Nd2 Bf5 6. Qb3 Qc8 7. a4 e6 8. Ngf3
Be7 9. Be2 O-O 10. O-O h6 11. Qa2 Nh5 12. Bg3 Nxg3 13. hxg3 a6 14. Rfe1 Qc7 15.
Bf1 Bh7 16. a5 Rab8 17. Nb3 c4 18. Nbd2 b5 19. axb6 Rxb6 20. b3 cxb3 21. Nxb3 a5
22. Nxa5 Ra8 23. Nxc6 Rxa2 24. Nxe7+ Qxe7 25. Rxa2 g5 26. c4 dxc4 27. Bxc4 Rb1
28. Rxb1 Bxb1 29. Rb2 Be4 30. Nd2 Bc6 31. Be2 Kg7 32. Rc2 Ba4 33. Rc5 Qb7 34.
Bf1 Bc6 35. Nc4 Bd5 36. Ne5 f6 37. Nd3 Be4 38. Rc1 Bxd3 39. Bxd3 e5 40. dxe5
fxe5 41. Bf5 h5 42. e4 Qb6 43. Rd1 Kf6 44. Rd7 Qb1+ 45. Kh2 Qe1 46. Rh7 h4 47.
gxh4 gxh4 48. Rxh4 Qxf2 49. Rg4 Kf7 50. Kh3 Qe3+ 51. g3 Qc1 52. Rg6 Qh1+ 53. Kg4
Qd1+ 54. Kh4 Qh1+ 55. Kg4 1/2-1/2

[Event "Chess.com Classic Div 3 W"]
[Site "chess.com INT"]
[Date "2024.05.10"]
[Round "1.2"]
[White "Kovalev, Vladislav"]
[Black "Le, Tuan Minh"]
[Result "0-1"]
[WhiteTitle "GM"]
[BlackTitle "GM"]
[WhiteElo "2561"]
[BlackElo "2567"]
[WhiteFideId "13504398"]
[BlackFideId "12401153"]
[EventDate "2024.05.10"]
[EventType "k.o."]

1. e4 e5 2. Nf3 Nc6 3. Bb5 a6 4. Ba4 d6 5. O-O Bd7 6. d4 Nxd4 7. Bxd7+ Qxd7 8.
Nxd4 exd4 9. Qxd4 Nf6 10. b3 Be7 11. Bb2 O-O 12. Nd2 Rfe8 13. Rfe1 Bf8 14. Rad1
Qg4 15. f3 Qg6 16. Nc4 Rad8 17. Ne3 c6 18. c4 Nh5 19. Qd2 b5 20. Qc2 bxc4 21.
Qxc4 Nf4 22. Qc2 d5 23. e5 Bb4 24. Rf1 f6 25. Qxg6 hxg6 26. g3 Bc5 27. gxf4
Bxe3+ 28. Kg2 Kf7 29. Bc1 Bb6 30. Bb2 g5 31. fxg5 fxe5 32. Rde1 Bc7 33. Re2 Re6
34. Rfe1 Rde8 35. Kh3 c5 36. Kg4 Bd6 37. h4 d4 38. h5 g6 39. h6 Kg8 40. Re4 Kf7
41. Ba3 a5 42. f4 Kg8 43. fxe5 Be7 44. Rc1 Rc6 45. Rxd4 cxd4 46. Rxc6 Bxa3 47.
Rxg6+ Kh8 48. e6 d3 49. Kf3 Rd8 50. e7 Bxe7 51. Re6 d2 0-1

[Event "Chess.com Classic Div 3 W"]
[Site "chess.com INT"]
[Date "2024.05.10"]
[Round "1.2"]
[White "Le, Quang Liem"]
[Black "Bok, Benjamin"]
[Result "1/2-1/2"]
[WhiteTitle "GM"]
[BlackTitle "GM"]
[WhiteElo "2731"]
[BlackElo "2599"]
[WhiteFideId "12401137"]
[BlackFideId "1017063"]
[EventDate "2024.05.10"]
[EventType "k.o."]

1. d4 Nf6 2. c4 e6 3. Nf3 b6 4. a3 Bb7 5. Nc3 d5 6. Qc2 dxc4 7. e4 c5 8. dxc5
Bxc5 9. Bxc4 O-O 10. Bf4 Nh5 11. Rd1 Qc8 12. Bc1 Bxf2+ 13. Qxf2 Qxc4 14. Rd4 Qc5
15. Be3 Nf6 16. e5 Ne8 17. O-O Qe7 18. Rfd1 f6 19. exf6 Nxf6 20. Bf4 Nd5 21.
Nxd5 Bxd5 22. Qg3 Nc6 23. R4d3 Qf6 24. Bd6 Rfd8 25. b4 Qg6 26. Qf4 Rd7 27. b5
Rf7 28. Qg3 Qxg3 29. Bxg3 Na5 30. Ne5 Rff8 31. Rc3 Rac8 32. Rdc1 Rxc3 33. Rxc3
h6 34. Rc7 Nb3 35. h4 Nd4 36. Kh2 Ne2 37. Rxa7 Rc8 38. Ng6 Rc2 39. h5 Nxg3 40.
Kxg3 Rxg2+ 41. Kf4 Rg5 42. Ra6 Rf5+ 43. Ke3 Rxh5 44. Rxb6 Rh3+ 45. Kd4 Rxa3 46.
Ne7+ Kf7 47. Nxd5 exd5 48. Kxd5 h5 49. Rd6 h4 50. b6 h3 51. Kc6 Rc3+ 52. Kb5 h2
53. Rd1 Rb3+ 54. Kc6 g5 55. Rh1 Rb2 56. b7 g4 57. Rxh2 Rxb7 58. Rh7+ Kf6 59.
Rxb7 Ke5 60. Kc5 g3 61. Rg7 Kf4 62. Kd4 Kf3 63. Kd3 g2 64. Rf7+ Kg3 65. Ke2 g1=Q
66. Rg7+ Kh2 67. Rxg1 Kxg1 1/2-1/2

[Event "Chess.com Classic Div 3 W"]
[Site "chess.com INT"]
[Date "2024.05.10"]
[Round "1.2"]
[White "Lobanov, Sergei"]
[Black "Warmerdam, Max"]
[Result "0-1"]
[WhiteTitle "GM"]
[BlackTitle "GM"]
[WhiteElo "2507"]
[BlackElo "2652"]
[WhiteFideId "24183750"]
[BlackFideId "1048104"]
[EventDate "2024.05.10"]
[EventType "k.o."]

1. e4 c5 2. Nf3 d6 3. Bb5+ Bd7 4. Bxd7+ Nxd7 5. O-O e6 6. c4 Ne5 7. d3 Ne7 8.
Nc3 g6 9. Nxe5 dxe5 10. Bg5 Bg7 11. a3 O-O 12. b4 h6 13. Be3 cxb4 14. axb4 Nc6
15. b5 Nd4 16. Ne2 f5 17. f3 Rf7 18. Nxd4 exd4 19. Bd2 Bf8 20. Re1 f4 21. e5 g5
22. Qe2 Qc7 23. g4 h5 24. gxh5 Rh7 25. Qe4 Qf7 26. Re2 Qxh5 27. Rg2 Kh8 28. Kf2
Be7 29. Qxb7 Rg8 30. Rxa7 g4 31. fxg4 Bh4+ 32. Kf3 Rxb7 33. gxh5 Rxa7 34. Rxg8+
Kxg8 35. Bxf4 Be7 36. Bg3 Bc5 37. Ke4 Ra2 38. Bf4 Re2+ 39. Kf3 Re3+ 40. Bxe3
dxe3 41. Ke2 Kh7 42. Kf3 Kh6 43. Ke2 Kxh5 44. Kf3 Kg5 45. h3 Kf5 0-1

[Event "Chess.com Classic Div 3 W"]
[Site "chess.com INT"]
[Date "2024.05.10"]
[Round "1.2"]
[White "Moussard, Jules"]
[Black "Sadhwani, Raunak"]
[Result "0-1"]
[WhiteTitle "GM"]
[BlackTitle "GM"]
[WhiteElo "2611"]
[BlackElo "2654"]
[WhiteFideId "642908"]
[BlackFideId "35093487"]
[EventDate "2024.05.10"]
[EventType "k.o."]

1. e4 e5 2. Nf3 Nc6 3. Bc4 Bc5 4. c3 Nf6 5. d3 d6 6. O-O a5 7. Re1 Ba7 8. Nbd2
O-O 9. Nf1 Be6 10. Bb5 Ne7 11. d4 Ng6 12. h3 exd4 13. Nxd4 Bd7 14. Bxd7 Nxd7 15.
Ng3 Re8 16. f4 Qh4 17. Nf5 Qf6 18. Kh2 Bxd4 19. Nxd4 Nc5 20. f5 Ne5 21. Nf3 h6
22. Re2 g5 23. Ne1 Nc6 24. Qc2 Qe5+ 25. Kg1 Nxe4 26. f6 d5 27. Nf3 Qxf6 28. Be3
a4 29. Rd1 a3 30. Bc1 Ne5 31. Nd4 axb2 32. Bxb2 Nc4 33. Bc1 Qg6 34. Nb5 Qb6+ 35.
Nd4 Re7 36. Rd3 Rae8 37. Kh2 Qd6+ 38. Kg1 Qg6 39. Rf3 Ned6 40. Rxe7 Rxe7 41. Qd1
c6 42. Kh2 f5 43. Qc2 Re4 44. Rf1 f4 45. Nf3 Kh7 46. Qf2 Re8 47. Qa7 Qg7 48. a4
Ne4 49. a5 Ng3 50. Rd1 Ne2 51. a6 b6 52. Qxg7+ Kxg7 53. h4 Ra8 54. hxg5 hxg5 55.
Kh3 Rxa6 56. Kg4 Ra1 57. Re1 Nxc1 58. Re7+ Kf6 59. Rc7 Ne5+ 60. Nxe5 Kxe5 61.
Kxg5 Kd6 62. Rf7 Nd3 0-1

[Event "Chess.com Classic Div 3 W"]
[Site "chess.com INT"]
[Date "2024.05.10"]
[Round "1.2"]
[White "Paravyan, David"]
[Black "Rasulov, Vugar"]
[Result "1-0"]
[WhiteTitle "GM"]
[BlackTitle "GM"]
[WhiteElo "2606"]
[BlackElo "2560"]
[WhiteFideId "4194985"]
[BlackFideId "13402390"]
[EventDate "2024.05.10"]
[EventType "k.o."]

1. e4 c5 2. Nf3 Nc6 3. Bb5 d6 4. O-O Bd7 5. Re1 a6 6. Bxc6 Bxc6 7. d4 cxd4 8.
Nxd4 Rc8 9. Nxc6 Rxc6 10. a4 Nf6 11. Nc3 e6 12. Nd5 Be7 13. Nxe7 Qxe7 14. b3 Qc7
15. c4 O-O 16. Bb2 e5 17. Qd3 Nd7 18. Ba3 Nc5 19. Bxc5 Rxc5 20. Red1 Rd8 21. h4
h6 22. g3 Qb6 23. Qf3 Qc6 24. Kg2 b5 25. cxb5 axb5 26. a5 b4 27. Rd3 Qa6 28. Rd5
Rxd5 29. exd5 Ra8 30. Qe4 Qb5 31. Ra4 f5 32. Qxf5 Qxd5+ 33. Qf3 Rxa5 34. Rxb4
Qxf3+ 35. Kxf3 Kf7 36. Rb7+ Kf6 37. b4 Ra3+ 38. Ke2 d5 39. b5 Ra2+ 40. Ke1 Rb2
41. b6 d4 42. h5 e4 43. Rd7 Rb1+ 44. Kd2 Rb2+ 45. Ke1 d3 46. b7 g5 47. hxg6 Kxg6
48. Kd1 Kf5 49. Kc1 Rb3 50. Kd2 Ke6 51. Rh7 Kd5 52. Ke3 Rb2 53. Rd7+ Ke6 54. Rd8
Rxb7 55. Kxe4 Rb2 56. f3 Re2+ 57. Kxd3 Rg2 58. g4 Kf6 59. Rd5 Ra2 60. Ke4 Ra4+
61. Rd4 Ra6 62. Kf4 Kg6 63. Rd5 Ra4+ 64. Kg3 Ra3 65. Rb5 Rc3 66. Ra5 Rb3 67. Rd5
Ra3 68. Kf4 Ra4+ 69. Ke3 Ra3+ 70. Ke4 Ra4+ 71. Rd4 Ra6 72. f4 Re6+ 73. Kf3 Ra6
74. Kg3 Ra1 75. Rd6+ Kg7 76. Rd7+ Kf6 77. Rd6+ Kg7 78. Kf3 Ra3+ 79. Ke4 Ra4+ 80.
Ke5 Ra5+ 81. Ke6 Kg6 82. Ke7+ Kg7 83. f5 Ra7+ 84. Ke6 Ra4 85. Rd7+ Kg8 86. f6
Rf4 87. Rd8+ Kh7 88. f7 h5 89. f8=Q Rxf8 90. Rxf8 hxg4 91. Rf4 1-0

[Event "Chess.com Classic Div 3 W"]
[Site "chess.com INT"]
[Date "2024.05.10"]
[Round "1.2"]
[White "Radjabov, Teimour"]
[Black "Vokhidov, Shamsiddin"]
[Result "1/2-1/2"]
[WhiteTitle "GM"]
[BlackTitle "GM"]
[WhiteElo "2723"]
[BlackElo "2592"]
[WhiteFideId "13400924"]
[BlackFideId "14204223"]
[EventDate "2024.05.10"]
[EventType "k.o."]

1. Nf3 Nf6 2. c4 e6 3. g3 d5 4. Bg2 Nc6 5. O-O dxc4 6. Qa4 Nd7 7. Qxc4 e5 8. d3
Be7 9. a3 Nc5 10. Nbd2 Be6 11. Qc2 a5 12. b3 a4 13. b4 Nb3 14. Nxb3 Bxb3 15. Qb1
O-O 16. Bb2 f6 17. Rc1 Bd5 18. Qc2 Bd6 19. Nd2 Bxg2 20. Kxg2 Qd7 21. Qc4+ Kh8
22. Qd5 Rfb8 23. Ne4 Ne7 24. Qa2 Nf5 25. Rc2 Bf8 26. Rac1 c6 27. Kg1 Rc8 28. Qc4
Re8 29. Nc5 Bxc5 30. bxc5 Ne7 31. Qe4 Qd5 32. Rc4 Qxe4 33. dxe4 Red8 34. Bc3 Rd7
35. Rb1 Kg8 36. Kg2 Kf7 37. Rbb4 Ng6 38. Rxa4 Rxa4 39. Rxa4 Nf8 40. Ra7 Ne6 41.
Bb4 g5 42. f3 Nd4 43. Kf2 Nb5 44. Ra8 Nc7 45. Rh8 Kg7 46. Rc8 Ne6 47. Rb8 Nd4
48. a4 Ne6 49. a5 Kf7 50. g4 h6 51. e3 Rc7 52. Ra8 Rd7 53. Ra7 Ke7 54. Ke2 Nd8
55. h3 Ne6 56. a6 bxa6 57. Rxa6 Rb7 58. Rb6 Rc7 59. Kd3 Kd7 60. Kc4 Ra7 61. Rb8
Nd8 62. Bc3 Ra4+ 63. Kb3 Ra7 64. Kc4 Ra4+ 65. Kb3 Ra7 66. Kc2 Rb7 67. Ra8 Rb5
68. Ra7+ Nb7 69. Ra8 Nd8 70. Ra7+ Nb7 71. Ra8 Nd8 1/2-1/2

[Event "Chess.com Classic Div 3 W"]
[Site "chess.com INT"]
[Date "2024.05.10"]
[Round "1.2"]
[White "Tang, Andrew"]
[Black "Sjugirov, Sanan"]
[Result "1/2-1/2"]
[WhiteTitle "GM"]
[BlackTitle "GM"]
[WhiteElo "2505"]
[BlackElo "2692"]
[WhiteFideId "2059630"]
[BlackFideId "4189302"]
[EventDate "2024.05.10"]
[EventType "k.o."]

1. d4 Nf6 2. Nf3 g6 3. Nbd2 Bg7 4. e4 d6 5. Bd3 O-O 6. O-O Nc6 7. Re1 e5 8. dxe5
Nxe5 9. Nxe5 dxe5 10. Nf3 Qe7 11. h3 Rd8 12. Qd2 Nh5 13. Qc3 Nf4 14. Bxf4 exf4
15. e5 Be6 16. Bc4 c6 17. Re4 Bxc4 18. Qxc4 g5 19. h4 h6 20. hxg5 hxg5 21. Qe2
Re8 22. Re1 Rad8 23. Nd4 Rd5 24. Qh5 Rxe5 25. Rxe5 Bxe5 26. Nf3 f6 27. Qg6+ Kf8
28. Rxe5 fxe5 29. Nxg5 Qc7 30. Qf6+ Kg8 31. Qg6+ Kf8 32. Qf6+ Kg8 33. Qg6+ Kf8 1/2-1/2

[Event "Chess.com Classic Div 3 W"]
[Site "chess.com INT"]
[Date "2024.05.10"]
[Round "1.3"]
[White "Andreikin, Dmitry"]
[Black "Deac, Bogdan-Daniel"]
[Result "0-1"]
[WhiteTitle "GM"]
[BlackTitle "GM"]
[WhiteElo "2729"]
[BlackElo "2693"]
[WhiteFideId "4158814"]
[BlackFideId "1226380"]
[EventDate "2024.05.10"]
[EventType "k.o."]

1. d4 Nf6 2. Nf3 e6 3. Bg5 h6 4. Bh4 c5 5. e3 cxd4 6. exd4 Qb6 7. Qc1 Nc6 8. c3
g5 9. Bg3 Nh5 10. Nbd2 d6 11. Bd3 Qc7 12. O-O Bg7 13. d5 Nxg3 14. hxg3 exd5 15.
Re1+ Be6 16. Nb3 O-O-O 17. Nfd4 Rhe8 18. Qc2 Kb8 19. Re3 Nxd4 20. Nxd4 Bxd4 21.
cxd4 Qb6 22. Qa4 Bd7 23. Qa3 h5 24. Rc1 h4 25. gxh4 gxh4 26. Rc3 Bc8 27. Rb3
Qxd4 28. Rxe8 Rxe8 29. Qxd6+ Ka8 30. Rc3 h3 31. Qe7 h2+ 32. Kh1 Qxf2 33. Qc5
Re1+ 34. Bf1 Rxf1+ 35. Kxh2 Qxc5 36. Rxc5 Be6 0-1

[Event "Chess.com Classic Div 3 W"]
[Site "chess.com INT"]
[Date "2024.05.10"]
[Round "1.3"]
[White "Bok, Benjamin"]
[Black "Le, Quang Liem"]
[Result "1-0"]
[WhiteTitle "GM"]
[BlackTitle "GM"]
[WhiteElo "2599"]
[BlackElo "2731"]
[WhiteFideId "1017063"]
[BlackFideId "12401137"]
[EventDate "2024.05.10"]
[EventType "k.o."]

1. c4 e6 2. g3 d5 3. Bg2 Nf6 4. Nf3 Be7 5. d4 O-O 6. Nc3 Nbd7 7. Qd3 b6 8. cxd5
Nxd5 9. O-O Bb7 10. Rd1 c5 11. Nxd5 exd5 12. b3 Rc8 13. dxc5 bxc5 14. Bb2 Bf6
15. Qd2 Re8 16. e3 Qb6 17. Rac1 h6 18. Ne1 Bxb2 19. Qxb2 Nf6 20. Nd3 Red8 21.
Rc2 Ba6 22. Nf4 d4 23. exd4 cxd4 24. Rcd2 Rc3 25. Nd5 Nxd5 26. Rxd4 Rdc8 27.
Rxd5 Rc2 28. Qd4 Qxd4 29. R5xd4 Rxa2 30. Rd8+ Rxd8 31. Rxd8+ Kh7 32. Be4+ g6 33.
Rd7 Kg7 34. Bd5 Kf6 35. f4 Kf5 36. Rxf7+ Kg4 37. Rxa7 g5 38. fxg5 hxg5 39. Bc4
Ra1+ 40. Kf2 Ra2+ 41. Ke3 Rxh2 42. Rxa6 Kxg3 43. Rg6 Kg4 44. Be6+ Kh5 45. Rg8 1-0

[Event "Chess.com Classic Div 3 W"]
[Site "chess.com INT"]
[Date "2024.05.10"]
[Round "1.3"]
[White "Daneshvar, Bardiya"]
[Black "Grandelius, Nils"]
[Result "0-1"]
[WhiteTitle "GM"]
[BlackTitle "GM"]
[WhiteElo "2582"]
[BlackElo "2664"]
[WhiteFideId "12576468"]
[BlackFideId "1710400"]
[EventDate "2024.05.10"]
[EventType "k.o."]

1. c4 c6 2. Nf3 d5 3. g3 dxc4 4. Bg2 e6 5. O-O Nf6 6. a4 Nbd7 7. Na3 Bxa3 8.
Rxa3 O-O 9. Qc2 e5 10. a5 h6 11. Nh4 Re8 12. Nf5 Nf8 13. Ne3 Ne6 14. Nxc4 Nd4
15. Qd1 Bg4 16. f3 Bf5 17. d3 Qd7 18. Be3 Rad8 19. Bf2 Nb5 20. Ra1 Bh3 21. Nd2
Bxg2 22. Kxg2 Nd5 23. Ne4 f5 24. Nc5 Qf7 25. Rc1 e4 26. a6 exf3+ 27. exf3 b6 28.
Nb7 Rc8 29. Re1 Nb4 30. Rxe8+ Rxe8 31. Rc4 c5 32. Qa4 Nxd3 33. Rc2 Nxf2 34. Rxf2
Qd7 35. b4 c4 36. Nd6 Qxd6 37. Qxb5 Rc8 38. Qxf5 Qc7 39. Qd5+ Qf7 40. Qd4 c3 41.
Rc2 Qb3 42. Qe4 Kh8 43. Qf5 Rd8 44. Kh3 Qxb4 45. Qf7 Qc5 46. Kg2 b5 47. Qb7 b4
48. Re2 c2 0-1

[Event "Chess.com Classic Div 3 W"]
[Site "chess.com INT"]
[Date "2024.05.10"]
[Round "1.3"]
[White "Giri, Anish"]
[Black "Kamsky, Gata"]
[Result "1-0"]
[WhiteTitle "GM"]
[BlackTitle "GM"]
[WhiteElo "2745"]
[BlackElo "2616"]
[WhiteFideId "24116068"]
[BlackFideId "2000024"]
[EventDate "2024.05.10"]
[EventType "k.o."]

1. Nf3 c5 2. c4 b6 3. g3 Bb7 4. Bg2 Nf6 5. Nc3 e6 6. O-O Be7 7. Re1 Ne4 8. Nxe4
Bxe4 9. d3 Bb7 10. d4 Be4 11. d5 O-O 12. Nh4 exd5 13. cxd5 Bxg2 14. Nxg2 d6 15.
e4 Nd7 16. h4 b5 17. Bf4 c4 18. a4 a6 19. Ne3 g6 20. h5 Ne5 21. Bxe5 dxe5 22.
axb5 axb5 23. Rxa8 Qxa8 24. d6 Bd8 25. Ng4 b4 26. Nxe5 c3 27. bxc3 bxc3 28. hxg6
hxg6 29. Qb3 Kg7 30. Nd7 Re8 31. Qxc3+ f6 32. e5 fxe5 33. Rxe5 Rxe5 34. Qxe5+
Kf7 35. Qf4+ Ke8 36. Ne5 Qd5 37. d7+ Ke7 38. Qg5+ Ke6 39. Qxd8 1-0

[Event "Chess.com Classic Div 3 W"]
[Site "chess.com INT"]
[Date "2024.05.10"]
[Round "1.3"]
[White "Gledura, Benjamin"]
[Black "Durarbayli, Vasif"]
[Result "1/2-1/2"]
[WhiteTitle "GM"]
[BlackTitle "GM"]
[WhiteElo "2619"]
[BlackElo "2627"]
[WhiteFideId "712779"]
[BlackFideId "13402935"]
[EventDate "2024.05.10"]
[EventType "k.o."]

1. d4 d5 2. c4 c6 3. Nf3 Nf6 4. Nc3 e6 5. Bg5 dxc4 6. e4 b5 7. a4 Bb7 8. Be2 Be7
9. O-O b4 10. Bxf6 gxf6 11. Nb1 c5 12. Nbd2 cxd4 13. Bxc4 Nd7 14. Re1 O-O 15.
Nf1 Rc8 16. b3 Ne5 17. Nxe5 fxe5 18. Qh5 Bg5 19. Rad1 Qf6 20. Rd3 Qg6 21. Qe2
Bf4 22. Rh3 Kh8 23. Rf3 f5 24. Ng3 fxe4 25. Nxe4 Be3 26. Rg3 Qxe4 27. fxe3 Rg8
28. exd4 Qxd4+ 29. Kh1 Rxg3 30. hxg3 Rg8 31. Qxe5+ Qxe5 32. Rxe5 Rxg3 33. Kh2
Rxg2+ 34. Kh3 Rg6 35. Ra5 Bd5 36. Bxd5 exd5 37. Rxd5 Rc6 38. Rd8+ Kg7 39. Rd7+
Kg6 40. Rxa7 Rc3+ 41. Kg2 Rxb3 42. Rb7 Rb2+ 43. Kg3 b3 44. a5 Ra2 45. Rxb3 Rxa5
46. Kh3 Rh5+ 1/2-1/2

[Event "Chess.com Classic Div 3 W"]
[Site "chess.com INT"]
[Date "2024.05.10"]
[Round "1.3"]
[White "Kozak, Adam"]
[Black "Bernadskiy, Vitaliy"]
[Result "1-0"]
[WhiteTitle "GM"]
[BlackTitle "GM"]
[WhiteElo "2607"]
[BlackElo "2564"]
[WhiteFideId "753246"]
[BlackFideId "14100371"]
[EventDate "2024.05.10"]
[EventType "k.o."]

1. Nf3 g6 2. c4 Bg7 3. d4 Nf6 4. Nc3 O-O 5. e4 d6 6. Be2 e5 7. O-O exd4 8. Nxd4
Re8 9. f3 c6 10. Kh1 Nbd7 11. Bg5 Qb6 12. Nb3 a5 13. Qd2 a4 14. Be3 c5 15. Nc1
Ne5 16. Rb1 Be6 17. b3 axb3 18. axb3 Nc6 19. Nd3 Nd4 20. Nf4 Qb4 21. Qd3 Ra3 22.
Nxe6 fxe6 23. Bd1 Nd7 24. f4 Raa8 25. Bd2 Qb6 26. Bg4 Ra3 27. Nb5 Nxb5 28. cxb5
Nf6 29. Bf3 d5 30. exd5 Rd8 31. Qc2 Nxd5 32. Rfe1 Nc7 33. Bc1 Ra5 34. Bd2 Raa8
35. b4 c4 36. Be3 Bd4 37. Bxd4 Rxd4 38. Qf2 Nxb5 39. Bg4 Re8 40. Rbc1 Qd6 41. g3
Kg7 42. Bf3 e5 43. Bxb7 1-0

[Event "Chess.com Classic Div 3 W"]
[Site "chess.com INT"]
[Date "2024.05.10"]
[Round "1.3"]
[White "Le, Tuan Minh"]
[Black "Kovalev, Vladislav"]
[Result "1/2-1/2"]
[WhiteTitle "GM"]
[BlackTitle "GM"]
[WhiteElo "2567"]
[BlackElo "2561"]
[WhiteFideId "12401153"]
[BlackFideId "13504398"]
[EventDate "2024.05.10"]
[EventType "k.o."]

1. d4 Nf6 2. Nf3 d5 3. Bf4 c5 4. c3 Qb6 5. Qc2 cxd4 6. cxd4 Nc6 7. Nc3 a6 8. Na4
Qb4+ 9. Bd2 Nxd4 10. Nxd4 Qxd4 11. e3 Qa7 12. Ba5 Nd7 13. Qc7 b6 14. Qxa7 Rxa7
15. Nxb6 Nxb6 16. Bxb6 Ra8 17. Be2 e6 18. O-O Bd7 19. Rfc1 Bd6 20. Rc2 Ke7 21.
Ba5 Rhb8 22. Rac1 Bb5 23. Kf1 h5 24. Bc7 Rb7 25. Bxd6+ Kxd6 26. b3 h4 27. f4 Bd7
28. Kf2 a5 29. Rd2 f5 30. g4 hxg3+ 31. hxg3 a4 32. bxa4 Rxa4 33. g4 fxg4 34.
Bxg4 g5 35. Bd1 gxf4 36. Bxa4 fxe3+ 37. Kxe3 Bxa4 38. Rf2 Ra7 39. Rb2 Be8 40.
Rb6+ Ke5 41. Re1 Bg6 42. Ra1 Be4 43. a4 Rh7 44. Rb5 Rh3+ 45. Kd2 Kd4 46. Rb4+
Kc5 47. Rxe4 dxe4 48. a5 Rh8 49. Ke3 Ra8 50. Kxe4 Kb5 51. Ke5 Rxa5 52. Rxa5+
Kxa5 53. Kxe6 1/2-1/2

[Event "Chess.com Classic Div 3 W"]
[Site "chess.com INT"]
[Date "2024.05.10"]
[Round "1.3"]
[White "Mamedov, Rauf"]
[Black "Iturrizaga Bonelli, Eduardo"]
[Result "1/2-1/2"]
[WhiteTitle "GM"]
[BlackTitle "GM"]
[WhiteElo "2651"]
[BlackElo "2591"]
[WhiteFideId "13401653"]
[BlackFideId "3901211"]
[EventDate "2024.05.10"]
[EventType "k.o."]

1. e4 c5 2. c3 Nf6 3. e5 Nd5 4. Bc4 Nb6 5. Bb3 Nc6 6. d4 cxd4 7. cxd4 d5 8. Bc2
g6 9. Nc3 Bg7 10. h4 h6 11. Nge2 Be6 12. Nf4 Qd7 13. h5 g5 14. Nxe6 Qxe6 15. O-O
f5 16. exf6 Bxf6 17. Re1 Qd7 18. a4 a5 19. Qd3 Nb4 20. Qg6+ Kd8 21. Bb3 Rc8 22.
Bd2 Nc4 23. Bxc4 Rxc4 24. Nb5 Rc6 25. Bxb4 axb4 26. Rac1 Qc8 27. Rcd1 Qd7 28. b3
g4 29. Rc1 Bg5 30. Rxc6 bxc6 31. Re6 cxb5 32. Ra6 Qc8 33. axb5 Qc1+ 34. Kh2 Qf4+
35. Kg1 Qc1+ 36. Kh2 Qf4+ 37. Kg1 Qc1+ 1/2-1/2

[Event "Chess.com Classic Div 3 W"]
[Site "chess.com INT"]
[Date "2024.05.10"]
[Round "1.3"]
[White "Moiseenko, Alexander"]
[Black "Idani, Pouya"]
[Result "1-0"]
[WhiteTitle "GM"]
[BlackTitle "GM"]
[WhiteElo "2561"]
[BlackElo "2605"]
[WhiteFideId "14102560"]
[BlackFideId "12510130"]
[EventDate "2024.05.10"]
[EventType "k.o."]

1. d4 e6 2. c4 Nf6 3. Nc3 Bb4 4. Nf3 b6 5. Bg5 h6 6. Bh4 g5 7. Bg3 Ne4 8. Qc2
Bb7 9. e3 d6 10. Bd3 Bxc3+ 11. bxc3 f5 12. c5 Nd7 13. cxd6 cxd6 14. O-O O-O 15.
Nd2 Ndf6 16. Nxe4 Nxe4 17. f3 Nxg3 18. hxg3 Rc8 19. Rac1 Qe7 20. e4 f4 21. g4 e5
22. Qa4 Bc6 23. Bb5 Qd7 24. Qb3+ Kg7 25. a4 Qf7 26. Qb4 Rfd8 27. Rfd1 a5 28. Qb2
h5 29. dxe5 hxg4 30. Rxd6 Rxd6 31. exd6 Qf6 32. Rd1 gxf3 33. Bxc6 Rxc6 34. Qd2
f2+ 35. Kxf2 Rc8 36. Qd4 Kf7 37. Qd5+ Qe6 38. Qxg5 Rg8 39. Qxf4+ Ke8 40. d7+ Ke7
41. d8=Q+ Rxd8 42. Qc7+ 1-0